Départements et préfectures avec initiales - Statistiques

Statistiques générales
  • Ce quiz a été pris 87 fois
  • Le résultat moyen est 13 sur 25
Statistiques - réponses
Stars / Personnages fictifs Département / Préfecture % Correct
Henri Matisse Hérault / Montpellier
88%
Evan Evans Eure / Evreux
74%
Fabio Quartararo Finistère / Quimper
72%
Nicole Neumann Nevers / Nièvre
71%
Complément d'Objet Direct Côte d'Or / Dijon
63%
Marc Marquez Metz / Moselle / Mayotte / Mamoudzou
62%
David Villa Drome / Valence
57%
Marie-Laure Augry Maine-et-Loire / Angers
57%
Adel Taarabt Albi / Tarn / Aube / Troyes
55%
Steve Le Marquand Sarthe / Le Mans
54%
Marine Lorphelin Mayenne / Laval / Lozère / Mende
51%
Camille Cerf Calvados / Caen
49%
Valérie Pécresse Vienne / Poitiers
49%
Max Verstappen Morbihan / Vannes
47%
Ana Carrasco Aude / Carcassonne / Angoulême / Charente / Aurillac / Cantal
46%
Henry McCullogh Haute-Marne / Chaumont
46%
Cloud Access Security Broker Côtes d'Armor / Saint-Brieuc
38%
Programme de Développement de Capacités Fonctionnelles Puy-de-Dôme / Clermont-Ferrand
38%
Patrick Dempsey Périgueux / Dordogne
37%
Thomas Vergara Toulon / Var
37%
Linda Caicedo Lot / Cahors
36%
Lando Norris Lille / Nord
34%
Laura Rogora Lyon / Rhône
33%
Pedro Acosta Privas / Ardèche
33%
Caspar Van Meel Créteil / Val-de-Marne
28%
Aucun quiz correspondant
Distribution des résultats
% des personnes avec chaque résultat
Percentile par nombre de réponses
Votre historique - résultats
Vous n’avez pas pris ce quiz